UBT Library

Geography, the world and its people. (Record no. 43445)

000 -LEADER
fixed length control field 00524nam a22002295a 4500
001 - CONTROL NUMBER
control field 110077
005 - DATE AND TIME OF LATEST TRANSACTION
control field 20180226055759.0
008 - FIXED-LENGTH DATA ELEMENTS--GENERAL INFORMATION
fixed length control field 960514s1996 ohub 000 0 eng
010 ## - LIBRARY OF CONGRESS CONTROL NUMBER
LC control number 96675147
020 ## - INTERNATIONAL STANDARD BOOK NUMBER
International Standard Book Number 0028237277
034 1# - CODED CARTOGRAPHIC MATHEMATICAL DATA
Category of scale a
040 ## - CATALOGING SOURCE
Original cataloging agency DLC
Transcribing agency DLC
041 ## - LANGUAGE CODE
Language code of text/sound track or separate title eng
080 ## - UNIVERSAL DECIMAL CLASSIFICATION NUMBER
Universal Decimal Classification number 91 HUN
100 ## - Rafti
Rafti 42
101 ## - Shkurtesa
Shkurtesa GEO
245 00 - TITLE STATEMENT
Title Geography, the world and its people.
255 ## - CARTOGRAPHIC MATHEMATICAL DATA
Statement of scale Scale
906 ## - LOCAL DATA ELEMENT F, LDF (RLIN)
a 0
b ibc
c orignew
d 2
e ncip
f 19
g y-gencatlg
942 ## - ADDED ENTRY ELEMENTS (KOHA)
Source of classification or shelving scheme
Item type Books
Holdings
Withdrawn status Lost status Source of classification or shelving scheme Damaged status Not for loan Collection code Permanent location Current location Shelving location Date acquired Total Checkouts Full call number Barcode Date last seen Price effective from Koha item type
          Koleksioni i përgjithshem UBT - Lipjan UBT - Lipjan Koleksioni i përgjithshem 02/26/2018   91 HUN 002-3000025 02/26/2018 02/26/2018 Books
UBT Library © 2015-2024. All rights reserved University Education for Business and Technology